000166922 001__ 166922
000166922 005__ 20260121151426.0
000166922 037__ $$aTAZ-TFG-2025-2035
000166922 041__ $$aspa
000166922 1001_ $$aGarcía Lafuente, Alejandro
000166922 24200 $$aEquals but unequal: the concept of equality in Peter Singer's preference utilitarianism.
000166922 24500 $$aIguales y desiguales: El concepto de igualdad en el utilitarismo de las preferencias de Peter Singer.
000166922 260__ $$aZaragoza$$bUniversidad de Zaragoza$$c2025
000166922 506__ $$aby-nc-sa$$bCreative Commons$$c3.0$$uhttp://creativecommons.org/licenses/by-nc-sa/3.0/
000166922 520__ $$aA la hora de formular sus propuestas éticas en Ética Práctica, Peter Singer adopta concienzudamente la estrategia de someter sus argumentos morales básicos a los entornos e hipótesis más hostiles para demostrar su fuerza o coherencia. En este trabajo se quiere explorar cómo, estando inicialmente en contra, Singer acepta escenarios acerca de la desigualdad con bases biológicas en función de raza, sexo, o coeficiente intelectual, con el propósito de demostrar la fuerza del principio de igual consideración de intereses, y que le da a su propuesta su carácter específico. Sin embargo, en trabajos posteriores Singer parece aceptar ciertas consideraciones sobre la desigualdad basadas en motivos darwinistas, estando ya la raíz para aceptar algunos de esos argumentos en algunos capítulos de Ética Práctica.<br /><br />
000166922 521__ $$aGraduado en Filosofía
000166922 540__ $$aDerechos regulados por licencia Creative Commons
000166922 691__ $$a1 5 10
000166922 692__ $$aEn el trabajo se exploran las posiciones del autor Peter Singer acerca de cómo combatir la desigualdad o reducir la pobreza estructural, aunque se polemiza acerca de algunas de sus posturas sobre igualdad de género, raza y coeficiente intelectual.
000166922 700__ $$aLópez de Lizaga, José Luis$$edir.
000166922 7102_ $$aUniversidad de Zaragoza$$bUnidad Predepartamental de Filosofía$$c
000166922 8560_ $$f629157@unizar.es
000166922 8564_ $$s339111$$uhttps://zaguan.unizar.es/record/166922/files/TAZ-TFG-2025-2035.pdf$$yMemoria (spa)
000166922 909CO $$ooai:zaguan.unizar.es:166922$$pdriver$$ptrabajos-fin-grado
000166922 950__ $$a
000166922 951__ $$adeposita:2026-01-21
000166922 980__ $$aTAZ$$bTFG$$cFFYL
000166922 999__ $$a20250603130240.CREATION_DATE